Miből él egy egyetemi hallgató? - A hallgatók foglalkoztatottságának jellemzői a turizmus-vendéglátáson tanulók körében
| Szerző: | |
|---|---|
| További közreműködők: | |
| Dokumentumtípus: | Diplomadolgozat |
| Kulcsszavak: | hallgatók munkavállalása tanulmányi átlag rejtett gazdaság rejtett foglalkoztatás adózás turizmus-vendéglátás |
| Online Access: | http://dolgozattar.uni-bge.hu/23165 |
MARC
| LEADER | 00000nta a2200000 i 4500 | ||
|---|---|---|---|
| 001 | dolg23165 | ||
| 005 | 20200226124948.0 | ||
| 008 | 191121suuuu hu om 000 hun d | ||
| 040 | |a BGE Dolgozattár Repozitórium |b hun | ||
| 041 | |a hu | ||
| 100 | 1 | |a Somogyi Csaba | |
| 245 | 1 | 0 | |a Miből él egy egyetemi hallgató? - A hallgatók foglalkoztatottságának jellemzői a turizmus-vendéglátáson tanulók körében |c Somogyi Csaba |h [elektronikus dokumentum] |
| 695 | |a hallgatók munkavállalása | ||
| 695 | |a tanulmányi átlag | ||
| 695 | |a rejtett gazdaság | ||
| 695 | |a rejtett foglalkoztatás | ||
| 695 | |a adózás | ||
| 695 | |a turizmus-vendéglátás | ||
| 700 | 1 | |a Fenyvesi Dr. Éva |e ths | |
| 856 | 4 | 0 | |u http://dolgozattar.uni-bge.hu/23165/1/Somogyi_Csaba_BSQL3J_TVvend.pdf |z Dokumentum-elérés |